00861nam a22001697a 4500008004100000040005500041080002000096245015600116260004600272300001600318650002000334653002100354942001200375999001500387952014300402952014600545230313b |||||||| |||| 00| 0 eng d aNational Science LibrarycNational Science Library aD 025.315 bK71 aAnglo-American cataloging rules: bPrepared by The ALA, The LC, The Library Association and The Canadian Library Associationc/ The Library Association 8London: aThe Library Association, b1967 axxiv, 327p. aLibrary science aCataloging rules 2udccBK c8222d8222 00102udc406D_025315_K7170912150aNSLbNSLcGF/Rk-2/C-11/R-4d1970-01-17l0oD 025.315 K71p27723r2023-03-13 00:00:00w2023-03-13yBK 00102udc406D_025315_K71170912160aNSLbNSLcGF/Rk-2/C-11/R-4d1970-01-17l0oD 025.315 K71;1p27722r2023-03-13 00:00:00w2023-03-13yBK